00489 2200193 4500001002100000005001700021008004100038035002400079082001100103090002000114245006800134260001400202300001700216650002300233850000900256985000600265986000900271999001500280YOGYA-0209000007226820090227093618.0 ind  0010-020900000072268 a352.94 a352.94bMaslSK aMASALAH pembangunan daerah sebagai Follow Up pemulihan keamanan a6ajakarta a262hlmc20cm aPembangunan daerah aBPAD a1 aheru a08A0036299